Language profile of a graduate in management studies
Význam štúdia cudzích jazykov v rámci krajín Európskej únie. Význam a úloha inštitúcií, ktoré poskytujú vyššie vzdelávanie. Význam a úloha komunikačných kompetencií. Metodológia. TALC - Transparency in the acquired language competences. Jazykový profil absolventa univerzity v manažmente.
Saved in:
| Main Author: | |
|---|---|
| Other Authors: | |
| Format: | Book Chapter |
| Language: | English |
| Subjects: | |
| Tags: |
No Tags, Be the first to tag this record!
|
MARC
| LEADER | 00000naa$a2200000$$$4500 | ||
|---|---|---|---|
| 001 | 0104041 | ||
| 005 | 20240502072133.6 | ||
| 041 | 0 | |a eng | |
| 044 | |a SK | ||
| 245 | 1 | 0 | |a Language profile of a graduate in management studies |c Helena Šajgalíková, Ruth Breeze |
| 520 | |a Význam štúdia cudzích jazykov v rámci krajín Európskej únie. Význam a úloha inštitúcií, ktoré poskytujú vyššie vzdelávanie. Význam a úloha komunikačných kompetencií. Metodológia. TALC - Transparency in the acquired language competences. Jazykový profil absolventa univerzity v manažmente. | ||
| 610 | 2 | 0 | |a jazyky cudzie |
| 610 | 2 | 0 | |a výučba vedecká |
| 610 | 2 | 0 | |a absolventi |
| 610 | 2 | 0 | |a manažment |
| 610 | 2 | 0 | |a odbory študijné |
| 610 | 2 | 0 | |a štandardizácia |
| 610 | 2 | 0 | |a Európska únia |
| 100 | 1 | |a Šajgalíková, Helena | |
| 700 | 1 | |a Breeze, Ruth | |